000 00555nam a2200181Ia 4500
008 090123s9999 xx 000 0 und d
082 _b10137
_a923.254/गवाण
100 _aगवाणकर वीणा
245 _aडॉ. आयडा स्कडर
250 _a1
260 _bराजहंस
_c1984
300 _a120
600 _aगवाणकर वीणा
630 _aडॉ. आयडा स्कडर
700 _aगवाणकर वीणा
730 _aडॉ. आयडा स्कडर
942 _cBOOK
999 _c48203
_d48203